000 03160nam0a2200385 4500
001 RU\NLR\BIBL_A\010019465
005 20260408112239.0
010 _a978-5-4220-0485-0
_bт. 14
010 _a978-5-4220-0471-3
_9500
021 _aRU
_b2013-92503
_96406
035 _a(NLR Aleph) 010019465
090 _a9893774
_c9893774
100 _a20131228d2013 |||y0rusy50 ca
101 0 _arus
102 _aRU
105 _aa||||||||||||
200 1 _aМир через языки, образование, культуру: Россия - Кавказ - Мировое сообщество
_eматериалы VII Международного конгресса, 14-18 октября 2013 г.
_e[сборник статей
_fредкол.: В.В. Айрапетова, к.п.н., доц., Г.А. Воробьев, к.п.н., доц.]
210 _aПятигорск
_cПГЛУ
_d2013
215 _a154 с.
_cил.
_d21
300 _aВ надзаг.: Гос. Дума Федер. Собр. Рос. Федерации, Аппарат полномоч. представителя Президента Рос. Федерации в Сев.-Кавказ. федер. окр., М-во образования и науки Рос. Федерации [и др.]
320 _aБиблиогр. в конце ст.
327 1 _aСодерж.: Симпозиум XVI Семья как фактор формирования духовной культуры личности и общества, как институт социализации в поликультурном пространстве. Гендер, семья, и властные отношения; Симпозиум XVII Современные информационные технологии как фактор интеграции коммуникативного и образовательного пространства в мультикультурном мире
606 1 _aИнформатизация образования
_jСъезды, совещания и т.п.
_92076217
_3RU\NLR\AUTH\661251341
606 1 _aОбщество
_jСъезды, совещания и т.п
_xИнформатизация
_92097006
_3RU\NLR\AUTH\661268693
606 1 _aСемья и брак
_jСъезды, совещания и т.п
_xСоциально-психологические исследования
_92075079
_3RU\NLR\AUTH\661250120
686 1 _aЧ312.31я431
686 1 _aС550.10я431
686 1 _aС550.57я431
686 1 _aС550.53я431
702 1 _4340
_aАйрапетова
_bВ. В.
_cканд. пед. наук
_gВарсеник Владимировна
_9190143
_3RU\NLR\AUTH\770190194
711 1 2 _a"Мир через языки, образование, культуру: Россия - Кавказ - Мировое сообщество", международный конгресс
_d7
_f2013
_eПятигорск
_3RU\NLR\AUTH\880359948
_9387125
942 _cBOOK
980 _aNB